Logo BPK

Biblioteka

Politechniki Koszalińskiej

Dachflächen. Bewohnt, befebt, bepflantz / (Rekord nr 14692)

Szczegóły MARC
000 -ETYKIETA REKORDU
podpole kontrolne o stałej długości 00448nam a2200169 i 4500
001 - NUMER KONTROLNY REKORDU
pole kontrolne bg
040 ## - ŹRÓDŁO KATALOGOWANIA
Instytucja, która utworzyła rekord BPK
041 ## - KOD JĘZYKA
Kod języka tekstu pol
080 ## - UNIWERSALNA KLASYFIKACJA DZIESIĘTNA - UKD
UKD 692.4
008 - POLE O STAŁEJ DŁUGOŚCI - DANE KONTROLNE
podpole kontrolne o stałej długości s pl f |000 0 pol
100 1# - NAZWA OSOBOWA
Nazwa osobowa GOLLWITZER, Gerda
245 #0 - TYTUŁ/ODPOWIEDZIALNOŚĆ
Tytuł Dachflächen. Bewohnt, befebt, bepflantz /
Pozostałe elementy strefy tytułu i oznaczenia odpowiedzialności Gerda Gollwitzer, Werner Wirsing.
260 ## - STREFA ADRESU WYDAWNICZEGO
Miejsce wydania München :
Nazwa wydawcy/dystrybutora Callwey,
Data publikacji, dystrybucji/powstania dokumentu 1971.
300 ## - STREFA OPISU FIZYCZNEGO
Objętość s. 136 :
Inne cechy fizyczne ilustr., fot.
700 1# - HASŁO DODATKOWE - NAZWA OSOBOWA
Nazwa osobowa WIRSING, Werner
856 ## - LOKALIZACJA I DOSTĘP DO ELEKTRONICZNYCH DOKUMENTÓW ZDALNYCH
Link (URL) http://koha.tu.koszalin.pl/cgi-bin/koha/opac-detail.pl?biblionumber=14692
Tekst linku Katalog online BPK
942 ## - DODATKOWE ELEMENTY (KOHA)
Typ dokumentu Książka
Egzemplarze
Wycofany Status egzemplarza Uszkodzony Dostępność Lokalizacja stała Lokalizacja bieżąca Miejsce przechowywania Sygnatura Kod kreskowy Typ dokumentu
      Dostępny Biblioteka Politechniki Koszalińskiej Biblioteka Politechniki Koszalińskiej Wypożyczalnia BG 14597 01723830 Książka
© 2023 Biblioteka Politechniki Koszalińskiej :: KOHA